Statistics for Countries with the Most Movie Theaters

Click here to take the quiz!

General Stats

  • This quiz has been taken 221 times
  • The average score is 15 of 20

Answer Stats

HintAnswer% Correct
2 150France
98%
31 640USA
98%
2 019United Kingdom
97%
4 712Germany
96%
1 400Brazil
95%
4 603Italy
95%
692Canada
94%
3 354Spain
94%
2 221Japan
93%
1 416Russia
93%
21 801India
90%
2 320Mexico
90%
1 748Australia
85%
780Argentina
83%
695Poland
70%
1 009Indonesia
65%
1 167Sweden
65%
823Czech Republic
19%
782Cuba
12%
1 129Kazakhstan
6%

Score Distribution

Percentile by Number Answered

Percent of People with Each Score

Your Score History

You have not taken this quiz